[Event "Stara Pazova op"]
[Site "Stara Pazova"]
[Date "2009.08.02"]
[Round "10"]
[White "Popov, Luben"]
[Black "Zobenica, Ivan"]
[Result "1-0"]
[WhiteElo "2317"]
[BlackElo "2066"]
[PlyCount "73"]
[EventDate "2009.07.25"]
[EventType "swiss"]
[EventRounds "10"]
[EventCountry "YUG"]
[SourceTitle "CBM 131 Extra"]
[Source "ChessBase"]
[SourceDate "2009.09.03"]
[SourceVersion "2"]
[SourceVersionDate "2009.09.16"]
[SourceQuality "1"]

1. d4 g6 2. c4 Bg7 3. Nf3 Nf6 4. Nc3 0-0 5. Bg5 d6 6. e3 Nbd7 7. Be2 c6 8. Qc2 e5 9. 0-0 Qc7 10. Rfd1 Re8 11. b4 h6 12. Bh4 Nh5 13. dxe5 dxe5 14. Nd2 Ndf6 15. c5 g5 16. Bg3 Nxg3 17. hxg3 e4 18. Rac1 Bf5 19. Nc4 Bg6 20. Rd2 b6 21. cxb6 axb6 22. b5 Re6 23. Qb3 Nd5 24. Nxd5 cxd5 25. Rxd5 Rd8 26. Rxd8+ Qxd8 27. a4 Bf8 28. a5 Bc5 29. axb6 Bxb6 30. Nxb6 Qxb6 31. Rc8+ Kg7 32. Qc3+ f6 33. Rc6 Rxc6 34. Qxc6 Qa5 35. b6 Qa1+ 36. Bf1 Bh5 37. Qb5 1-0

[Event "Stara Pazova"]
[Site "Stara Pazova"]
[Date "2008.07.31"]
[Round "11"]
[White "Matovic, Petar"]
[Black "Popov, Luben"]
[Result "1/2-1/2"]
[WhiteElo "2227"]
[BlackElo "2300"]
[PlyCount "20"]
[EventDate "2008.07.23"]
[EventType "tourn"]
[EventRounds "13"]
[EventCountry "YUG"]
[EventCategory "6"]
[SourceTitle "CBM 125 Extra"]
[Source "ChessBase"]
[SourceDate "2008.09.01"]
[SourceVersion "1"]
[SourceVersionDate "2008.09.01"]
[SourceQuality "1"]

1. d4 Nf6 2. Nf3 g6 3. Bf4 Bg7 4. e3 b6 5. Be2 Bb7 6. c4 d6 7. Nc3 Nbd7 8. h3 0-0 9. 0-0 Re8 10. Bh2 e5 1/2-1/2

[Event "Stara Pazova"]
[Site "Stara Pazova"]
[Date "2008.07.28"]
[Round "8"]
[White "Popov, Luben"]
[Black "Sertic, Rudolf"]
[Result "1/2-1/2"]
[WhiteElo "2300"]
[BlackElo "2405"]
[PlyCount "87"]
[EventDate "2008.07.23"]
[EventType "tourn"]
[EventRounds "13"]
[EventCountry "YUG"]
[EventCategory "6"]
[SourceTitle "CBM 125 Extra"]
[Source "ChessBase"]
[SourceDate "2008.09.01"]
[SourceVersion "1"]
[SourceVersionDate "2008.09.01"]
[SourceQuality "1"]

1. d4 Nf6 2. c4 c5 3. d5 b5 4. a4 b4 5. Nd2 e5 6. e4 d6 7. b3 g6 8. Bb2 Bg7 9. Ngf3 0-0 10. g3 Nh5 11. Bg2 f5 12. Qe2 f4 13. 0-0-0 Bh6 14. Ne1 Nf6 15. Nd3 Nfd7 16. Bh3 Nb6 17. Bxc8 Qxc8 18. Kb1 a5 19. Bc1 Qd7 20. Nb2 Na6 21. f3 fxg3 22. hxg3 Bg5 23. Nf1 Bxc1 24. Rxc1 Rf7 25. Qe3 Raf8 26. Nd2 Nc7 27. Rcg1 Ne8 28. Kc2 Ng7 29. Kd1 Nh5 30. Kc2 Rf6 31. Kd1 Qg7 32. Kc2 R6f7 33. Nd1 Rb7 34. Nf2 Kh8 35. Rh4 Rff7 36. Rgh1 Qf8 37. R1h2 Rf6 38. Kc1 Rff7 39. Rg2 Rg7 40. Rgh2 Nc8 41. Nd3 Ne7 42. Ne1 Ng8 43. Kc2 Rbe7 44. Kc1 1/2-1/2

[Event "Stara Pazova"]
[Site "Stara Pazova"]
[Date "2008.07.25"]
[Round "3"]
[White "Popchev, Milko"]
[Black "Popov, Luben"]
[Result "1/2-1/2"]
[WhiteElo "2410"]
[BlackElo "2300"]
[PlyCount "30"]
[EventDate "2008.07.23"]
[EventType "tourn"]
[EventRounds "13"]
[EventCountry "YUG"]
[EventCategory "6"]
[SourceTitle "CBM 125 Extra"]
[Source "ChessBase"]
[SourceDate "2008.09.01"]
[SourceVersion "1"]
[SourceVersionDate "2008.09.01"]
[SourceQuality "1"]

1. Nf3 c5 2. g3 Nc6 3. Bg2 g6 4. 0-0 Bg7 5. c4 e5 6. Nc3 Nge7 7. a3 a5 8. Ne1 d6 9. Nc2 0-0 10. Ne3 Rb8 11. d3 b6 12. Rb1 Bb7 13. Ned5 Nxd5 14. Nxd5 Ne7 15. Nxe7+ Qxe7 1/2-1/2

[Event "Stara Pazova"]
[Site "Stara Pazova"]
[Date "2007.08.02"]
[Round "11"]
[White "Klasan, Vladimir"]
[Black "Popov, Luben"]
[Result "1/2-1/2"]
[WhiteElo "2260"]
[BlackElo "2307"]
[PlyCount "130"]
[EventDate "2007.07.25"]
[EventType "tourn"]
[EventRounds "11"]
[EventCountry "YUG"]
[EventCategory "6"]
[SourceTitle "CBM 119 Extra"]
[Source "ChessBase"]
[SourceDate "2007.09.04"]
[SourceVersion "1"]
[SourceVersionDate "2007.09.04"]
[SourceQuality "1"]

1. e4 Nf6 2. e5 Nd5 3. g3 d6 4. exd6 cxd6 5. Bg2 Nf6 6. d4 g6 7. Nf3 Bg7 8. 0-0 0-0 9. Re1 Re8 10. c4 d5 11. c5 Bg4 12. Nc3 Nc6 13. h3 Bxf3 14. Bxf3 b6 15. Qa4 Rc8 16. Be3 Qd7 17. cxb6 axb6 18. Bg2 e6 19. Bf1 Ra8 20. Qb5 Qb7 21. Rac1 Rec8 22. a3 Nd7 23. Red1 Ne7 24. g4 Nc6 25. Na4 Bf8 26. Rc3 Na7 27. Qb3 Rxc3 28. Nxc3 Nc6 29. Bb5 Na5 30. Qa2 Rc8 31. Na4 Nf6 32. b3 Ne4 33. Qb2 Bd6 34. f3 Nf6 35. Rd3 Ne8 36. Rc3 Rxc3 37. Qxc3 Nc7 38. Bf1 Nc6 39. b4 Na7 40. Qc1 Nab5 41. Nc3 Nxc3 42. Qxc3 b5 43. Be2 Kf8 44. Bd2 Ke8 45. Bd1 Qa6 46. Qd3 Kd7 47. Kf2 Qc6 48. Bb3 Na8 49. a4 bxa4 50. b5 Qb7 51. Bxa4 Nb6 52. Bb3 Bb8 53. Qc3 Qc7 54. Qxc7+ Bxc7 55. Bb4 Bf4 56. Ke2 Kc7 57. Kd3 Kb7 58. Bc5 Nd7 59. Kc3 Nxc5 60. dxc5 Be3 61. Kb4 Bd2+ 62. Ka4 Be3 63. c6+ Kb6 64. Bc2 Bf4 65. Bb1 Bc7 1/2-1/2

[Event "Stara Pazova"]
[Site "Stara Pazova"]
[Date "2007.08.01"]
[Round "10"]
[White "Popov, Luben"]
[Black "Miljkovic, Vladimir"]
[Result "1/2-1/2"]
[WhiteElo "2307"]
[BlackElo "2235"]
[PlyCount "44"]
[EventDate "2007.07.25"]
[EventType "tourn"]
[EventRounds "11"]
[EventCountry "YUG"]
[EventCategory "6"]
[SourceTitle "CBM 119 Extra"]
[Source "ChessBase"]
[SourceDate "2007.09.04"]
[SourceVersion "1"]
[SourceVersionDate "2007.09.04"]
[SourceQuality "1"]

1. d4 Nf6 2. c4 e6 3. Nf3 d5 4. Nc3 Be7 5. Bg5 0-0 6. e3 b6 7. cxd5 exd5 8. Be2 Bb7 9. 0-0 h6 10. Bh4 Nbd7 11. Rc1 c6 12. Qc2 Re8 13. Rfd1 Bd6 14. Qb1 Qe7 15. Bg3 Bxg3 16. hxg3 Ne4 17. Nxe4 dxe4 18. Nd2 c5 19. Nb3 Rec8 20. dxc5 Nxc5 21. Nxc5 Rxc5 22. Rxc5 Qxc5 1/2-1/2

[Event "Stara Pazova"]
[Site "Stara Pazova"]
[Date "2007.07.29"]
[Round "7"]
[White "Kovacevic, Aleksandar"]
[Black "Popov, Luben"]
[Result "1-0"]
[WhiteElo "2566"]
[BlackElo "2307"]
[PlyCount "75"]
[EventDate "2007.07.25"]
[EventType "tourn"]
[EventRounds "11"]
[EventCountry "YUG"]
[EventCategory "6"]
[SourceTitle "CBM 119 Extra"]
[Source "ChessBase"]
[SourceDate "2007.09.04"]
[SourceVersion "1"]
[SourceVersionDate "2007.09.04"]
[SourceQuality "1"]

1. e4 c5 2. Nf3 e6 3. d4 cxd4 4. Nxd4 a6 5. c4 Nf6 6. Nc3 d6 7. Be2 Be7 8. 0-0 0-0 9. Be3 Qc7 10. Rc1 b6 11. Qd2 Bb7 12. f3 Nbd7 13. b4 Rac8 14. a3 Rfe8 15. Kh1 Qb8 16. Rc2 Bd8 17. Rb1 Bc7 18. Bg1 Qa8 19. Na4 Rcd8 20. Qc1 Rc8 21. Qf1 Bd8 22. Rbc1 g6 23. Qd1 Qb8 24. Rb2 Qa8 25. Bf2 d5 26. exd5 exd5 27. c5 b5 28. Nc3 Ne5 29. a4 bxa4 30. Nxa4 Nc4 31. Bxc4 dxc4 32. Rxc4 Bd5 33. Rcc2 Bc7 34. Re2 Rxe2 35. Rxe2 Qb8 36. Qe1 Nh5 37. Nc3 Bc4 38. Nc6 1-0

[Event "Stara Pazova"]
[Site "Stara Pazova"]
[Date "2007.07.27"]
[Round "4"]
[White "Abramovic, Bosko"]
[Black "Popov, Luben"]
[Result "1-0"]
[WhiteElo "2516"]
[BlackElo "2307"]
[PlyCount "71"]
[EventDate "2007.07.25"]
[EventType "tourn"]
[EventRounds "11"]
[EventCountry "YUG"]
[EventCategory "6"]
[SourceTitle "CBM 119 Extra"]
[Source "ChessBase"]
[SourceDate "2007.09.04"]
[SourceVersion "1"]
[SourceVersionDate "2007.09.04"]
[SourceQuality "1"]

1. d4 Nf6 2. Nf3 c5 3. d5 g6 4. Nc3 d6 5. e4 Bg7 6. Bb5+ Nbd7 7. a4 0-0 8. 0-0 a6 9. Be2 b6 10. Re1 Ne8 11. Bf4 Nc7 12. Qd2 Rb8 13. Bh6 b5 14. Bf1 b4 15. Nd1 a5 16. Bxg7 Kxg7 17. Ne3 Nb6 18. c3 f6 19. cxb4 axb4 20. b3 Bd7 21. Qb2 Kg8 22. Nd2 Ra8 23. f4 Bc8 24. Ndc4 Nxc4 25. Bxc4 Ba6 26. Rad1 Ne8 27. e5 fxe5 28. fxe5 Ng7 29. Bxa6 Rxa6 30. Rf1 Rxf1+ 31. Rxf1 dxe5 32. Qxe5 Qd6 33. Qe4 Nh5 34. Nc4 Qd8 35. d6 Ra7 36. Qe6+ 1-0

[Event "BUL-chT 55th"]
[Site "Sunny Beach"]
[Date "2005.10.02"]
[Round "7.6"]
[White "Popov, Luben"]
[Black "Ljangov, Petar"]
[Result "1/2-1/2"]
[WhiteElo "2313"]
[BlackElo "2140"]
[PlyCount "36"]
[EventDate "2005.09.26"]
[EventType "team-swiss"]
[EventRounds "7"]
[EventCountry "BUL"]
[SourceTitle "CBM 108 Extra"]
[Source "ChessBase"]
[SourceDate "2005.11.04"]
[SourceVersion "1"]
[SourceVersionDate "2005.11.04"]
[SourceQuality "1"]
[WhiteTeam "Plovdiv Lokomotiv"]
[BlackTeam "Radnevo Maritsa Iztok"]
[WhiteTeamCountry "BUL"]
[BlackTeamCountry "BUL"]

1. d4 Nf6 2. c4 e6 3. Nf3 b6 4. g3 Bb7 5. Bg2 Bb4+ 6. Bd2 Bxd2+ 7. Qxd2 0-0 8. Nc3 d5 9. Ne5 Nbd7 10. 0-0 Ne4 11. Nxe4 dxe4 12. Qe3 f5 13. Rad1 Nxe5 14. dxe5 Qe7 15. Rd2 Rad8 16. Rfd1 Bc6 17. b3 Rxd2 18. Qxd2 Qc5 1/2-1/2

[Event "BUL-chT 55th"]
[Site "Sunny Beach"]
[Date "2005.09.30"]
[Round "5.6"]
[White "Grigorov, Grigor"]
[Black "Popov, Luben"]
[Result "1-0"]
[WhiteElo "2400"]
[BlackElo "2313"]
[PlyCount "69"]
[EventDate "2005.09.26"]
[EventType "team-swiss"]
[EventRounds "7"]
[EventCountry "BUL"]
[SourceTitle "CBM 108 Extra"]
[Source "ChessBase"]
[SourceDate "2005.11.04"]
[SourceVersion "1"]
[SourceVersionDate "2005.11.04"]
[SourceQuality "1"]
[WhiteTeam "Plovdiv Lokomotiv 2000"]
[BlackTeam "Plovdiv Lokomotiv"]
[WhiteTeamCountry "BUL"]
[BlackTeamCountry "BUL"]

1. d4 Nf6 2. c4 c5 3. d5 e5 4. Nc3 d6 5. e4 Be7 6. g3 0-0 7. Bg2 Nbd7 8. Nge2 Ne8 9. 0-0 g6 10. Bh6 Ng7 11. Qd2 Nf6 12. h3 Kh8 13. Rae1 Ng8 14. Be3 f5 15. f4 Bf6 16. Kh2 b6 17. a3 a6 18. fxe5 Bxe5 19. Nf4 fxe4 20. Nxe4 Nf5 21. Bf2 Ra7 22. Nd3 Bg7 23. g4 Nd4 24. Bg3 Rxf1 25. Rxf1 Bf8 26. Qf2 Be7 27. Ne5 Nh6 28. Qd2 Bf8 29. Nc6 Nxc6 30. dxc6 Nf7 31. Qd5 Qe7 32. Nxd6 Be6 33. Nxf7+ Kg8 34. Qe5 Bxf7 35. Rxf7 1-0

[Event "Corus reserve op"]
[Site "Wijk aan Zee"]
[Date "2001.01.22"]
[Round "6"]
[White "Velcheva, Maria"]
[Black "Popov, Luben"]
[Result "1/2-1/2"]
[WhiteElo "2273"]
[BlackElo "2347"]
[PlyCount "29"]
[EventDate "2001.01.13"]
[EventType "swiss"]
[EventRounds "9"]
[EventCountry "NED"]
[SourceTitle "CBM 080 Extra"]
[Source "ChessBase"]
[SourceDate "2001.03.08"]
[SourceVersion "1"]
[SourceVersionDate "2001.03.08"]
[SourceQuality "1"]

1. e4 d6 2. d4 Nf6 3. Nc3 c6 4. f4 g6 5. Nf3 Bg4 6. Be3 Bg7 7. Bd3 Nbd7 8. h3 Bxf3 9. Qxf3 e5 10. dxe5 dxe5 11. f5 Qa5 12. 0-0 Bf8 13. a3 Bc5 14. Bxc5 Qxc5+ 15. Kh1 1/2-1/2

[Event "Corus reserve op"]
[Site "Wijk aan Zee"]
[Date "2001.01.16"]
[Round "1"]
[White "Popov, Luben"]
[Black "Hopman, Pieter"]
[Result "1/2-1/2"]
[WhiteElo "2347"]
[BlackElo "2193"]
[PlyCount "31"]
[EventDate "2001.01.13"]
[EventType "swiss"]
[EventRounds "9"]
[EventCountry "NED"]
[SourceTitle "CBM 080 Extra"]
[Source "ChessBase"]
[SourceDate "2001.03.08"]
[SourceVersion "1"]
[SourceVersionDate "2001.03.08"]
[SourceQuality "1"]

1. d4 d5 2. c4 c6 3. Nc3 Nf6 4. cxd5 cxd5 5. Nf3 Nc6 6. Ne5 e6 7. Qa4 Bd7 8. Nxd7 Qxd7 9. e3 Bd6 10. Bb5 0-0 11. Bd2 Rfc8 12. 0-0 a6 13. Bd3 b5 14. Qd1 Qe7 15. Qf3 Nd7 16. Rac1 1/2-1/2

[Event "Corus Reserve Group"]
[Site "Wijk aan Zee"]
[Date "2000.01.29"]
[Round "9"]
[White "De Mie, Mariska"]
[Black "Popov, Luben"]
[Result "0-1"]
[WhiteElo "2168"]
[BlackElo "2354"]
[PlyCount "86"]
[EventDate "2000.01.21"]
[EventType "swiss"]
[EventRounds "9"]
[EventCountry "NED"]
[SourceTitle "CBM 074 Extra"]
[Source "ChessBase"]
[SourceDate "2000.03.10"]
[SourceVersion "2"]
[SourceVersionDate "2000.03.10"]
[SourceQuality "1"]

1. e4 c5 2. Nf3 e6 3. Nc3 a6 4. g3 b5 5. d4 cxd4 6. Nxd4 Bb7 7. Bg2 Nc6 8. 0-0 Nxd4 9. Qxd4 Ne7 10. Bf4 Nc6 11. Qd2 d6 12. Rad1 Ne5 13. Qe2 Qc7 14. Bc1 b4 15. Nb1 a5 16. f4 Ba6 17. Qf2 Bxf1 18. Rxf1 Nd7 19. f5 e5 20. Be3 Be7 21. c3 0-0 22. h4 Nf6 23. Qe2 h6 24. c4 Qc6 25. Nd2 Bd8 26. c5 dxc5 27. Nc4 Nd7 28. Rd1 Be7 29. Qg4 Rfd8 30. Rf1 a4 31. Qf3 Qc7 32. g4 Bxh4 33. Qh3 Bg5 34. Bxg5 hxg5 35. Qh5 Ra6 36. Qxg5 Rh6 37. Qc1 Nb6 38. Ne3 c4 39. f6 Qc5 40. fxg7 Rd3 41. Rf3 c3 42. bxc3 bxc3 43. Bf1 Rd2 0-1

[Event "Corus Reserve Group"]
[Site "Wijk aan Zee"]
[Date "2000.01.28"]
[Round "8"]
[White "Popov, Luben"]
[Black "Ludden, Gert Jan"]
[Result "1/2-1/2"]
[WhiteElo "2354"]
[BlackElo "2263"]
[PlyCount "110"]
[EventDate "2000.01.21"]
[EventType "swiss"]
[EventRounds "9"]
[EventCountry "NED"]
[SourceTitle "CBM 074 Extra"]
[Source "ChessBase"]
[SourceDate "2000.03.10"]
[SourceVersion "2"]
[SourceVersionDate "2000.03.10"]
[SourceQuality "1"]

1. c4 e5 2. Nc3 Bb4 3. Qc2 Nf6 4. a3 Bxc3 5. Qxc3 Qe7 6. b4 0-0 7. Bb2 Re8 8. Nf3 d6 9. g3 Nbd7 10. Bg2 Nb6 11. 0-0 Na4 12. Qc2 Nxb2 13. Qxb2 Bg4 14. d3 Bxf3 15. Bxf3 c6 16. Bg2 Rad8 17. Rac1 h5 18. Qd2 g6 19. b5 cxb5 20. cxb5 d5 21. a4 Kg7 22. Rc2 Qd6 23. Rfc1 Re7 24. Qc3 h4 25. Qc5 hxg3 26. hxg3 Qxc5 27. Rxc5 b6 28. Rc6 d4 29. Kf1 Nd5 30. Bxd5 Rxd5 31. f3 Rdd7 32. Ke1 f5 33. Kd2 Kf7 34. R1c4 Re6 35. Kc2 Ke7 36. Kb3 e4 37. Rxe6+ Kxe6 38. Rc6+ Kd5 39. fxe4+ fxe4 40. Rxg6 exd3 41. exd3 Rc7 42. Rg5+ Kd6 43. g4 Rc3+ 44. Kb4 Rxd3 45. Rg7 Rg3 46. Kc4 d3 47. Kc3 Kc5 48. g5 d2+ 49. Kxd2 Rg4 50. g6 Rxa4 51. Rc7+ Kxb5 52. g7 Rg4 53. Rxa7 Kc5 54. Ke3 Kd5 55. Kf3 Rg1 1/2-1/2

[Event "Corus Reserve Group"]
[Site "Wijk aan Zee"]
[Date "2000.01.24"]
[Round "4"]
[White "Popov, Luben"]
[Black "Cheparinov, Ivan"]
[Result "1/2-1/2"]
[WhiteElo "2354"]
[BlackElo "2089"]
[PlyCount "40"]
[EventDate "2000.01.21"]
[EventType "swiss"]
[EventRounds "9"]
[EventCountry "NED"]
[SourceTitle "CBM 074 Extra"]
[Source "ChessBase"]
[SourceDate "2000.03.10"]
[SourceVersion "2"]
[SourceVersionDate "2000.03.10"]
[SourceQuality "1"]

1. d4 Nf6 2. Nc3 d5 3. Bg5 Nbd7 4. Nf3 e6 5. e4 dxe4 6. Nxe4 Be7 7. Nxf6+ Nxf6 8. Bd3 0-0 9. 0-0 b6 10. Qe2 Bb7 11. c3 c5 12. dxc5 bxc5 13. Rad1 Qc7 14. Ne5 Rad8 15. Rfe1 Bd5 16. c4 Bb7 17. Bb1 Rxd1 18. Rxd1 Rd8 19. Rxd8+ Qxd8 20. Qd3 Qxd3 1/2-1/2

[Event "Corus Reserve Group"]
[Site "Wijk aan Zee"]
[Date "2000.01.23"]
[Round "3"]
[White "Andonovski, Ljubisa"]
[Black "Popov, Luben"]
[Result "1/2-1/2"]
[WhiteElo "2287"]
[BlackElo "2354"]
[PlyCount "41"]
[EventDate "2000.01.21"]
[EventType "swiss"]
[EventRounds "9"]
[EventCountry "NED"]
[SourceTitle "CBM 074 Extra"]
[Source "ChessBase"]
[SourceDate "2000.03.10"]
[SourceVersion "2"]
[SourceVersionDate "2000.03.10"]
[SourceQuality "1"]

1. Nf3 c5 2. e4 e6 3. d3 Nc6 4. g3 d5 5. Qe2 Nge7 6. Bg2 g6 7. h4 h6 8. 0-0 Bg7 9. c3 b6 10. Rd1 Ba6 11. Qc2 0-0 12. a4 Bb7 13. Nbd2 f5 14. exf5 exf5 15. Nb3 d4 16. c4 Nc8 17. Bf4 Nd6 18. Qd2 Nf7 19. Re1 Qd7 20. a5 Rae8 21. axb6 1/2-1/2

[Event "Corus Reserve Group"]
[Site "Wijk aan Zee"]
[Date "2000.01.22"]
[Round "2"]
[White "Popov, Luben"]
[Black "Straub, Natalia"]
[Result "1/2-1/2"]
[WhiteElo "2354"]
[BlackElo "2285"]
[PlyCount "103"]
[EventDate "2000.01.21"]
[EventType "swiss"]
[EventRounds "9"]
[EventCountry "NED"]
[SourceTitle "CBM 074 Extra"]
[Source "ChessBase"]
[SourceDate "2000.03.10"]
[SourceVersion "2"]
[SourceVersionDate "2000.03.10"]
[SourceQuality "1"]

1. d4 Nf6 2. c4 g6 3. Nc3 Bg7 4. e4 d6 5. f3 0-0 6. Be3 e5 7. d5 Nh5 8. Qd2 f5 9. Nge2 a6 10. 0-0-0 Nd7 11. exf5 gxf5 12. Bg5 Qe8 13. Ng3 Nc5 14. Nxh5 Qxh5 15. Be3 Bd7 16. Be2 b5 17. b4 Nb7 18. cxb5 axb5 19. Kb2 Qe8 20. Rc1 Nd8 21. Bd1 Nf7 22. Bb3 f4 23. Bf2 e4 24. fxe4 Qxe4 25. a3 Qg6 26. Bc2 Qf6 27. Bd3 Ne5 28. Be2 Ra6 29. Rhd1 Rfa8 30. Ra1 Bg4 31. Bd4 Bxe2 32. Qxe2 Nc4+ 33. Qxc4 bxc4 34. Bxf6 Bxf6 35. Rdc1 Kf7 36. Rf1 Rg8 37. Rf2 Be5 38. g3 Rg4 39. gxf4 Bd4 40. Rd2 Rxf4 41. a4 Be5 42. a5 Rf3 43. Ra3 Ra8 44. Kc2 Rb8 45. a6 Ke7 46. b5 Kd7 47. Rg2 Rh3 48. Nb1 Rb3 49. a7 Ra8 50. Rxb3 cxb3+ 51. Kxb3 Rxa7 52. Kb4 1/2-1/2

[Event "Hoogovens op-C"]
[Site "Wijk aan Zee"]
[Date "1999.??.??"]
[Round "4"]
[White "Ivkov, Borislav"]
[Black "Popov, Luben"]
[Result "1/2-1/2"]
[WhiteElo "2440"]
[BlackElo "2355"]
[PlyCount "31"]
[EventDate "1999.01.??"]
[EventType "swiss"]
[EventRounds "9"]
[EventCountry "NED"]
[SourceTitle "EXT 2000"]
[Source "ChessBase"]
[SourceDate "1999.11.16"]
[SourceVersion "1"]
[SourceVersionDate "1999.11.16"]
[SourceQuality "1"]

1. Nf3 c5 2. c4 Nc6 3. Nc3 e5 4. g3 g6 5. Bg2 Bg7 6. 0-0 Nge7 7. d3 d6 8. Bd2 a6 9. Ne1 Rb8 10. Nc2 a5 11. Ne3 b6 12. Ned5 Bb7 13. Bg5 f6 14. Bd2 Nxd5 15. Nxd5 Ne7 16. Nc3 1/2-1/2

[Event "Hoogovens op-C"]
[Site "Wijk aan Zee"]
[Date "1999.??.??"]
[Round "7"]
[White "Kosteniuk, Alexandra"]
[Black "Popov, Luben"]
[Result "1-0"]
[WhiteElo "2270"]
[BlackElo "2355"]
[PlyCount "81"]
[EventDate "1999.01.??"]
[EventType "swiss"]
[EventRounds "9"]
[EventCountry "NED"]
[SourceTitle "EXT 2000"]
[Source "ChessBase"]
[SourceDate "1999.11.16"]
[SourceVersion "1"]
[SourceVersionDate "1999.11.16"]
[SourceQuality "1"]

1. e4 Nf6 2. Nc3 d5 3. e5 d4 4. Nce2 Ne4 5. c3 Nc6 6. cxd4 Ng5 7. f4 Ne6 8. Nf3 Nexd4 9. Nexd4 Nxd4 10. Qa4+ Nc6 11. Bb5 Bd7 12. e6 Bxe6 13. Ne5 Bd7 14. Nxc6 bxc6 15. Bxc6 e6 16. b3 Be7 17. Bb2 Bf6 18. Bxf6 gxf6 19. Rc1 Rc8 20. Bxd7+ Qxd7 21. Qxa7 0-0 22. Qe3 Rfd8 23. Qg3+ Kf8 24. Qc3 Kg7 25. Rf1 Qd5 26. Rf3 Qe4+ 27. Qe3 Qf5 28. Kf1 Rd6 29. d3 Qa5 30. f5 Qxa2 31. Rg3+ Kf8 32. fxe6 Rxe6 33. Qc5+ Rd6 34. Qf5 Re6 35. Qc5+ Rd6 36. Re1 Qxb3 37. Qh5 Re6 38. Qc5+ Rd6 39. Qf5 Rcd8 40. Qxh7 Re6 41. Rxe6 1-0

[Event "Hoogovens op-C"]
[Site "Wijk aan Zee"]
[Date "1999.??.??"]
[Round "6"]
[White "Popov, Luben"]
[Black "Naiditsch, Arkadij"]
[Result "1/2-1/2"]
[WhiteElo "2355"]
[BlackElo "2425"]
[PlyCount "44"]
[EventDate "1999.01.??"]
[EventType "swiss"]
[EventRounds "9"]
[EventCountry "NED"]
[SourceTitle "EXT 2000"]
[Source "ChessBase"]
[SourceDate "1999.11.16"]
[SourceVersion "1"]
[SourceVersionDate "1999.11.16"]
[SourceQuality "1"]

1. d4 Nf6 2. c4 g6 3. Nc3 Bg7 4. e4 d6 5. f3 0-0 6. Be3 c5 7. d5 a6 8. a4 e6 9. Bd3 exd5 10. cxd5 Nbd7 11. Nge2 Rb8 12. Ng3 Ne5 13. Be2 h5 14. 0-0 Qe8 15. Rb1 Nh7 16. Qd2 h4 17. Nh1 f5 18. Nf2 Nf6 19. b4 h3 20. g3 fxe4 21. Nfxe4 Nxe4 22. Nxe4 Nxf3+ 1/2-1/2

[Event "YUG-chT"]
[Site "Vrnjacka Banja"]
[Date "1996.??.??"]
[Round "?"]
[White "Milijanovic, Goran"]
[Black "Popov, Luben"]
[Result "0-1"]
[WhiteElo "2185"]
[BlackElo "2370"]
[PlyCount "108"]
[EventDate "1996.??.??"]
[EventType "team"]
[EventRounds "11"]
[EventCountry "YUG"]
[SourceTitle "EXT 2000"]
[Source "ChessBase"]
[SourceDate "1999.11.16"]
[SourceVersion "1"]
[SourceVersionDate "1999.11.16"]
[SourceQuality "1"]

1. Nf3 c5 2. b3 d6 3. c4 e5 4. d3 g6 5. Bb2 Bg7 6. Nc3 Ne7 7. g3 Nbc6 8. Bg2 h6 9. 0-0 Be6 10. Ne1 d5 11. cxd5 Nxd5 12. Rc1 b6 13. Nxd5 Bxd5 14. Nf3 0-0 15. Nd2 Bxg2 16. Kxg2 Qd5+ 17. Kg1 h5 18. Rc4 Rfe8 19. Qc1 Bh6 20. f4 Re6 21. Ne4 Nd4 22. Rf2 Rae8 23. b4 cxb4 24. Bxd4 exd4 25. Rc8 Bg7 26. Rxe8+ Rxe8 27. Qc2 f5 28. Ng5 Bf6 29. Nf3 Qe6 30. Nd2 Rc8 31. Qb2 a5 32. Nc4 h4 33. gxh4 Bxh4 34. Rg2 b5 35. Ne5 g5 36. h3 Rc3 37. Kh2 Kh7 38. Qd2 Rc5 39. e3 Rxe5 40. fxe5 Qxe5+ 41. Kh1 Qxe3 42. Qc2 Qxh3+ 43. Kg1 Qe3+ 44. Kh1 Bg3 45. Re2 Qf3+ 46. Kg1 Bf4 47. Re6 Qg3+ 48. Kf1 Qh3+ 49. Ke1 Qh1+ 50. Ke2 Qg2+ 51. Kd1 Qxc2+ 52. Kxc2 g4 53. Kd1 Be3 54. Ke2 f4 0-1